000 00552nam a2200193Ia 4500
005 20250423100021.0
008 250422s9999 xx 000 0 und d
020 _a9781469887562
050 _aRM 301.14 .P43/
100 _aPharm, Karen Whalen D... [et al.].
245 0 _aLippincott illustrated reviews: pharmacology
250 _a6th ed.
260 _aLondon
260 _bWolters Kluwer
260 _c2015
300 _a664 p
650 _aPharmacology--Outlines, syllabi, etc. Pharmacology--Examinations, questions, etc.
942 _cBK
999 _c32035
_d32035